00407nam a2200169Ia 4500008004100000020001800041245002700059245002400086260001500110260001600125260000900141300001400150300002500164300001000189440003000199500000800229170705s9999 xx 000 0 und d a9780590430955 aClifford's word book / cby Norman Bridwell. aNew York : bScholastic, c1990 aunpaged : bcolor illustration ; c20cm. aClifford the big red dog. a290